Quizzes
Events
Quiz Creation
Community
Videos
Private Events
Remove Ads
Sign In
Join for FREE
Feedback
Dark Mode
Quiz Categories
Sports
Geography
Music
Movies
Television
Just For Fun
Miscellaneous
History
Literature
Language
Science
Gaming
Entertainment
Religion
Holiday
For Kids
Quiz Lab
Recent
Popular Today
Quiz Kudos Today
Editor Picks
Curator Picks
Quizzes by...
Day
Popularity
Type
Ratings
Length
Year
Community
Subscriptions
Recent Discussions
Orange Saloon
Badges
Playlists
Quests
Create
Leaderboards
Showdown
Live 5
Trivia Bingo
Activity
Puzzle Library
Sporcle Events
Private Events
Virtual Trivia
Globe League
Become a Host
Pub Owners
SporcleCon
Opinionation
Our Games
Videos
Blog
Mobile Apps
Partnerships
Remove Ads and Go Orange
Feedback
Television
TV Characters
TV Show
Sitcom
Network
Friends
Reality Shows
Cast
South Park
Star Trek
The Simpsons
Doctor Who
Television
TV Characters
TV Show
Sitcom
Network
Friends
Reality Shows
Cast
South Park
Star Trek
The Simpsons
Doctor Who
Random Quiz
Search Sporcle
×
Quiz Lab
Quiz Lab
Television
Reality Shows
Type in answers that appear in a list
Type in answers that appear in a list
Classic
Best Score? Go Orange.
Survivor: The Amazon Contestants Stats
Can you name the contestants on the sixth season of Survivor (Survivor: The Amazon)?
By
sporcloid
6m
16 Questions
232 Plays
232 Plays
232 Plays
Comments
Comments
Give Quiz Kudos
Give Quiz Kudos
-
- Ratings
hide this ad
Replay
Link that replays current quiz
Next Quiz
Link to next quiz in quiz playlist
You Got
0%
They Got
Avg Score
85%
Avg Friend Score
Upgrade to see
Score Distribution
Jump to the score distribution portion of the page
Score
0/16
Timer
06:00
0
Plays Today
Place
Name
% Correct
Winner
Jenna Morasca
99.1%
3rd
Rob Cesternino
97.8%
5th
Heidi Strobel
97.8%
Runner-
Up
Matthew Von Ertfelda
96.1%
6th
Christy Smith
91.8%
4th
Butch Lockley
90.9%
7th
Alex Bell
87.5%
10th
Roger Sexton
86.6%
Place
Name
% Correct
8th
Deena Bennett
85.3%
11th
Shawna Mitchell
84.1%
9th
Dave Johnson
81%
16th
Ryan Aiken
79.7%
14th
Daniel Lue
78.9%
13th
Joanna Ward
73.3%
12th
Jeanne Hebert
72.4%
15th
Janet Koth
69.8%
Quiz Playlist
Details
Report
Send in Message
Add To Playlist
Classic:
Type in answers that appear in a list
Last Updated: Feb 16, 2017
Quiz Scoreboard
CHALLENGE
Sign Up to Join the Scoreboard
Show All
Scores
Hide
Comments
May contain spoilers
Recently Published
Presidents Visiting Landmarks
by Hejman
History
7m
An Introduction to Baseball
by treessimontrees
Sports
5m
Movies - When Are They Set?
by FPL_Elf
Movies
5m
More to Explore
Quiz From the Vault
Featured Blog Post
Where Did the Easter Bunny Come From?
hide this ad
You Might Also Like...
Tags
Reality Shows Quiz
Amazon
Contestants
place
season
Sixth
Survivor
tribe
Today's Top Quizzes in Television
Browse Television
hide this ad
Today's Top Quizzes in Reality Shows
Browse Reality Shows
Top Contributed Quizzes in Television
1
5-to-1: The Simpsons Families
2
One Piece Logic Puzzle
3
5-to-1: Television Doctors
4
7-to-1: TV Show Settings
5
5-to-1: Streaming Originals
6
Survivor Logic Puzzle: Heroes vs. Villains
7
Survivor Seasons
8
Survivor Season by Logo
9
One Thing in Common: Television
10
Survivor Trivia
Explore More
Trending Topics
Disney
Kpop
Crossword
Anime
NBA
Harry Potter
Marvel
Pokémon
Puzzle
Song
NFL
Country
The Office
Soccer
WWE
hide this ad
More By:
sporcloid
Quiz
Plays
Rating
Category
Featured
Created
Double Letters Countries
73,718
4.53
Geography
Sep 25, 2009
Harry Potter or Not?
5,953
4.18
Literature
Nov 30, 2014
Wingardium What?
4,026
4.46
Literature
Jul 17, 2015
AJPW Triple Crown Champions
1,721
4.75
Sports
Sep 27, 2009
Chicken McNugget Shapes (Clickable)
944
2.44
Miscellaneous
Sep 5, 2015
Go to Creator's Profile
Score Distribution
Quiz Creator Spotlight
sporcloid
Follow
Send a Message
Quizzes Created
-
Created Quiz Play Count
-
More By This Creator
Popular Quizzes Today
1
Find the US States - No Outlines Minefield
2
Find the Countries of Europe - No Outlines Minefield
3
The Countries of the World
4
Find the US States
5
Popular People in 1961
6
US States
7
Risky Map Clicking: Biggest States A-Z
8
Movies - When Are They Set?
More Television Quizzes
Big Brother: 5-Time Veto Winners
Quiz Lab
Trending Quizzes
Risky Map Clicking: Least Populous States A-Z
1-10 Letter G Words
1-10 Letter F Words
Risky Map Clicking: Next State Alphabetically
Risky Map Clicking: Biggest States A-Z
Recently Updated
Leaping Animals
pecheneg
Reality TV Shows (A-Z)
bhenderson79
Rickey Henderson's Hall of Fame Teammates
pecheneg
Champions League XIs: Arsenal
pecheneg
Quick Pick: Celebrities in WWE's Hall of Fame
aduchscher
A-Z Keypad Blitz II
pecheneg
Multiple Oscar Actors
pecheneg
Mystery Phrase Blitz: Oscar 'Best Actors'
pecheneg
F. Scott Fitzgerald Novels
LTH
Pick 3 Villains
ddd62291
Trending Topics
Anime
Marvel
NBA
Harry Potter
Crossword
Kpop
Disney
Country
The Office
Pokémon
Song
WWE
Soccer
Puzzle
NFL
Your Account Isn't Verified!
In order to create a playlist on Sporcle, you need to verify the email address you used during registration. Go to your
Sporcle Settings
to finish the process.
Report this User
Report this user for behavior that violates our
Community Guidelines
.
Details:
Send Report
Go to the Sporcle.com Mobile Site →
Comments